El Nou Museu Marítim de Barcelona : un museu per al tercer mil·leni / Museu Marítim un museu per al tercer mil·leni / Museu Marítim
Publicado:
Barcelona :
el Museu, Departament de Comunicació : Consorci de les Drassanes de Barcelona, [2002]
Descripción Física:
[9] f. ; 30 cm + 1 fitxer informàtic
Materias:
Museu Marítim (Barcelona)
MARC
| LEADER | 00000nam a2200000Ia 4500 | ||
|---|---|---|---|
| 001 | 15125 | ||
| 008 | 160829s9999 xx 000 0 cat d | ||
| 080 | |a FU-34-17 | ||
| 100 | |a Museu Marítim (Barcelona) | ||
| 245 | |a El Nou Museu Marítim de Barcelona : |b un museu per al tercer mil·leni / Museu Marítim | ||
| 260 | |a Barcelona : |b el Museu, Departament de Comunicació : |b Consorci de les Drassanes de Barcelona, [2002] | ||
| 300 | |a [9] f. ; |c 30 cm + 1 fitxer informàtic | ||
| 590 | |a A la coberta: Dossier premsa 14-2-02 : un museu per al tercer mil·leni | ||
| 650 | |a Museu Marítim (Barcelona) | ||
| 710 | 2 | |a Consorci de les Drassanes de Barcelona |9 55893 | |
| 901 | |a Arxiu | ||
| 942 | |n 1 | ||
| 952 | |0 0 |1 0 |4 0 |6 FU3417 |7 1 |9 43492 |a Arxiu |b Arxiu |d 2016-12-01 |l 0 |o FU-34-17 |p 15125 |r 2016-12-01 00:00:00 |w 2016-12-01 |y ARXIU | ||
| 999 | |c 46038 |d 46038 | ||